01438 a2200229 45000010006000000050017000060080041000230030015000640400040000790800056001192450040001750200018002152500011002332640042002443000026002865050695003120410008010071000022010157000021010377000025010588560125010831596420260407155451.0260407a2001 arg spa dAR-UNSa-BCEJYS aAR-UNSa-BCEJYSbspacAR-UNSa-BCEJYS a519.2xProbabilidades y estadística matemática 10aEstadística para administración a968-444-456-7 a2a. ed 1aMéxico :bPearson Educaciónc2001 axviii, 734 p.c25 cm. a1. Introducción y recopilación de datos - 2. Presentación de datos en tablas y gráficas - 3. Resumen y descripción de datos numéricos - 4. Probabilidad básica y distribuciones de probabilidad - 5. Distribuciones muestrales y estimación de intervarlos de confianza - 6. Fundamentos de pruebas de hipótesis: pruebas con una muestra - 7. Pruebas con dos muestras y c muestras con datos categóricos - 8. Pruebas de dos muestras y c muestras con datos categóricos - 9. Regresión lineal simple y correlación - 10. Modelos de regresión múltiple - 11. Análisis de series de tiempo - 12. Aplicaciones estadística en la administración de la calidad y productividad aspa1 aBerenson, Mark L.1 aLevine, David M.1 aKrehbiel, Timothy C.41uhttps://biblioeco.unsa.edu.ar/pmb/images/libros/Estadistica para adminstracion-l87735.jpgyImagen de portadaqimage/jpeg